000 00882nam a2200205 a 4500
001 000041186
005 20201002034705.0
008 130925s1992 sp 000 0 spa d
020 _a8476583303
040 _aDO-SdBNP
_bspa
_cBNPHU
245 0 0 _aCuestiones Epistemológicas :
_bmateriales para una filosofía de la religión /
_ccoordinadores Gómez Caffarena , J.M. Mardones.
260 _aMadrid :
_bAnthropos,
_c1992.
300 _av. (300 p.) ;
_c20 cm.
490 1 _aPensamiento crítico/Pensamiento utópico
_afilosofía de la religión
_v64
504 _aIncluye referencias bibliográficas y notas al pie de las páginas
505 0 _av.1 :
_tmateriales para una filosofía de la religión
700 1 _aCaffarena, Gómez
_ecoor
_967751
700 _aMardones, J.M.
_ecoor.
_967752
830 0 _aPensamiento crítico/Pensamiento utópico
_pfilosofía de la religión
_n64
_967753
999 _c40676
_d40676